World Map 6 x 16 Puzzle, rearrange the pieces! - Statistics

General Stats
  • This quiz has been taken 228 times
  • The average score is 54 of 96
Answer Stats
Piece % Correct
88%
88%
86%
86%
85%
85%
84%
84%
84%
83%
83%
83%
82%
82%
80%
80%
79%
78%
78%
77%
77%
76%
75%
73%
73%
73%
73%
73%
72%
72%
72%
71%
71%
69%
68%
68%
68%
68%
68%
66%
66%
66%
65%
64%
64%
62%
62%
60%
58%
58%
56%
55%
54%
54%
54%
49%
47%
46%
42%
41%
41%
41%
40%
40%
39%
39%
39%
39%
39%
39%
39%
37%
37%
37%
37%
37%
36%
36%
35%
35%
34%
33%
32%
30%
30%
29%
29%
29%
27%
26%
26%
25%
23%
18%
18%
14%
No matching quizzes found
Score Distribution
Percent of People with Each Score
Percentile by Number Answered
Your Score History
You have not taken this quiz